000 00321nam a2200133Ia 4500
008 240624s9999 xx 000 0 und d
041 _aeng
082 _a823 HEM
100 _aHEMINGWAY ERNEST
245 _aOLD MAN AND THE SEA
260 _c1994
_aNew Delhi
_bRandom House India
300 _a112 : p.
365 _cRS
_b25
999 _c23632
_d23632